| 000 | 00382cam a2200169 4500 | ||
|---|---|---|---|
| 001 | D12695 | ||
| 008 | 090401t1953 xxu||||| |||| 00| 0 eng d | ||
| 035 | _a(Sirsi) u5163 | ||
| 041 | _aeng | ||
| 100 | _aEvans, J.A. | ||
| 245 | _aDecorators` estimating | ||
| 260 |
_aLondon _bCleaver-Hume Press _c1953 |
||
| 350 | _a0 | ||
| 520 | _aShelf 115 | ||
| 942 | _n0 | ||
| 948 | _c04/03/1997 | ||
| 999 |
_c86132 _d86132 |
||